000 00264nam a2200109Ia 4500
005 20251222114407.0
008 251222s1900||||xx |||||||||||||| ||spa||
082 _aDVD0092/J92S/2006
245 0 _aOrden sacerdotal
264 _bFajardo Olivares, Walter.
942 _cDVD
999 _c1880
_d1880